| 000 | 01723nam2a22002771 4500 | ||
|---|---|---|---|
| 001 | RU\NLR\INFOCOMM55\1000058769 | ||
| 005 | 20250617112152.0 | ||
| 035 | _a(NLR Aleph) 002571267 | ||
| 090 |
_a3191709 _c3191709 |
||
| 100 | _a20040608d1983 |||y0rusy50 ca | ||
| 101 | 0 | _arus | |
| 102 | _aRU | ||
| 105 | _ay ||||||||| | ||
| 200 | 1 |
_aМалошумящие СВЧ полевые транзисторы с барьером Шоттки _fА.Б. Егудин |
|
| 210 |
_d1983 _aБ. м. |
||
| 225 | 1 |
_a... _vВып.927 _i... _v1983, Вып.1 |
|
| 461 | 0 |
_1001RU\NLR\INFOCOMM55\1000056712 _12001#$aОбзоры по электронной технике$fМ-во электронной пром-сти СССР. Ин-т "Электроника"$vВып.927 _93197280 _cМ. _d1968- _fМ-во электронной пром-сти СССР. Ин-т "Электроника" _tОбзоры по электронной технике _vВып.927 |
|
| 462 | 0 |
_1001RU\NLR\INFOCOMM55\1000056549 _12001#$aОбзоры по электронной технике$iСерия Полупроводниковые приборы$fМ-во электронной пром-сти СССР. Ин-т "Электроника"$v1983, Вып.1 _93190557 _cМ. _d1970- _fМ-во электронной пром-сти СССР. Ин-т "Электроника" _iСерия Полупроводниковые приборы _tОбзоры по электронной технике. - Обзоры по электронной технике _v1983, Вып.1 |
|
| 700 | 1 |
_aЕгудин _bА.Б. _4070 |
|
| 801 | 1 |
_aRU _bInfoComm _c20040608 |
|
| 801 | 0 |
_aRU _bNLR _gPSBO |
|
| 852 |
_aNLR _jП51/94 |
||
| 942 | _cISSUE | ||
| 980 | _aNB | ||
| 980 | _aRUSPER | ||